Chansons ABBA - Statistiques

Statistiques générales
  • Ce quiz a été pris 936 fois
  • Le résultat moyen est 10 sur 20
Statistiques - réponses
Hint Réponse % Correct
1 Dancing Queen
90%
2 Mamma Mia
89%
18 Gimme! Gimme! Gimme!
76%
3 Waterloo
75%
13 Money, Money, Money
72%
9 The Winner Takes It All
64%
8 Voulez-Vous
57%
6 Lay All Your Love On Me
55%
7 SOS
55%
12 Super Trouper
54%
4 Fernando
53%
17 Does Your Mother Know
50%
14 Honey, Honey
47%
5 Take a Chance On Me
45%
19 Our Last Summer
41%
10 Knowing Me, Knowing You
28%
11 One of Us
25%
15 The Name of the Game
19%
20 My Love, My Life
11%
16 When All is Said and Done
8%
Aucun quiz correspondant
Distribution des résultats
% des personnes avec chaque résultat
Percentile par nombre de réponses
Votre historique - résultats
Vous n’avez pas pris ce quiz